LEADER 01100nam a2200277 u 4500 001 000000049354 003 CaOOAMICUS 005 20070226115112.0 008 000626s1986 gau u000 u eng u 020 $a0891309896 035 $a10851084 040 $aPUL(R)$bita 100 1 $aQimron, Elisha.$0(OLS)http://pul/name/35697 245 14$aThe Hebrew of the dead Sea scrolls /$cElisha Qimron. 260 $aAtlanta :$bScholars Press,$c[1986] 300 $a138 p. ;$c23 cm 490 1 $aHarvard Semitic Studies ;$v29 650 4$aLingua ebraica biblica.$0(OLS)http://pul/subject/14997 830 0$aHarvard Semitic Studies ;$v29.$0(OLS)http://pul/title/66565 850 $aPUL 852 $aPUL$W1$xDP1 Fondo Ciprotti$y59$m1532 C 37$j65586$nBK-PRI$b $qFondi$B65586$CPULBib$Z2$F65586 $H $81 941 1 $a1 961 $aINV: 0051. Fondo Ciprotti 996 $6020$a0891309896$9(OLS)http://pul/number/62328 996 $6245$aThe Hebrew of the dead Sea scrolls$9(OLS)http://pul/title/66564 996 $6260$aAtlanta :$bScholars Press$9(OLS)http://pul/publisher/52385 LEADER 01307nam a2200277 i 4500 001 000000108267 003 CaOOAMICUS 005 20071116153127.0 008 071116s2005 it b 000 0 ita c 020 $a88-394-0709-X 040 $aUSC$bita$dROB$dPUL$dLDB 245 03$aIl saggio Ahiqar :$bfortuna e trasformazioni di uno scritto sapienziale : il testo pił antico e le sue versioni /$ca cura di Riccardo Contini e Cristiano Grottanelli. 260 $aBrescia :$bPaideia,$c2005. 300 $a324 p. ;$c21 cm. 490 1 $aStudi biblici ;$v148 504 $aBibliografia: p. 275-324. 630 04$aAhiqar.$0(OLS)http://pul/subject/33707 700 1 $aContini, Riccardo.$0(OLS)http://pul/name/48512 700 1 $aGrottanelli, Cristiano.$0(OLS)http://pul/name/34964 830 0$aStudi biblici (Paideia) ;$v0148.$0(OLS)http://pul/title/88 850 $aPUL 852 $aPUL$W1$xSL Religione 1$y3$m10 M 148$j123297$qStampati$B122266$CPULBib$Z2$F122266 $H105546 $82 941 1 $a8 996 $6020$a88-394-0709-X$9(OLS)http://pul/number/136258 996 $6245$aIl saggio Ahiqar :$bfortuna e trasformazioni di uno scritto sapienziale : il testo pił antico e le sue versioni$9(OLS)http://pul/title/136258 996 $6260$aBrescia :$bPaideia$9(OLS)http://pul/publisher/47884